Sectional anatomy by MRI and CT / (Record no. 137788)
[ view plain ]
| 000 -LEADER | |
|---|---|
| fixed length control field | 00838cam a2200253 i 4500 |
| 001 - CONTROL NUMBER | |
| control field | 18906641 |
| 005 - DATE AND TIME OF LATEST TRANSACTION | |
| control field | 20250617111420.0 |
| 008 - FIXED-LENGTH DATA ELEMENTS--GENERAL INFORMATION | |
| fixed length control field | 151214s2016 paua 001 0 eng |
| 020 ## - INTERNATIONAL STANDARD BOOK NUMBER | |
| International Standard Book Number | 9780323934480 (hardcover : alk. paper) |
| 040 ## - CATALOGING SOURCE | |
| Transcribing agency | PK-LaUMT |
| 082 00 - DEWEY DECIMAL CLASSIFICATION NUMBER | |
| Classification number | 611.90222 |
| Edition number | 23 |
| Item number | AND-S |
| 100 1# - MAIN ENTRY--PERSONAL NAME | |
| Personal name | Anderson, Mark W. |
| 245 10 - TITLE STATEMENT | |
| Title | Sectional anatomy by MRI and CT / |
| Statement of responsibility, etc | by Mark W. Anderson, Michael G. Fox and Nicholas C. Nacey |
| 250 ## - EDITION STATEMENT | |
| Edition statement | 5th ed. |
| 260 ## - PUBLICATION, DISTRIBUTION, ETC. (IMPRINT) | |
| Place of publication, distribution, etc | Philadelphia : |
| Name of publisher, distributor, etc | Elsevier, |
| Date of publication, distribution, etc | 2025 |
| 300 ## - PHYSICAL DESCRIPTION | |
| Extent | viii, 661 p. : |
| Other physical details | illustrations (some color) ; |
| Dimensions | 28 cm |
| 500 ## - GENERAL NOTE | |
| General note | Includes index. |
| 650 12 - SUBJECT ADDED ENTRY--TOPICAL TERM | |
| Topical term or geographic name as entry element | Anatomy, Regional |
| 650 22 - SUBJECT ADDED ENTRY--TOPICAL TERM | |
| Topical term or geographic name as entry element | Magnetic Resonance Imaging |
| 650 22 - SUBJECT ADDED ENTRY--TOPICAL TERM | |
| Topical term or geographic name as entry element | Tomography, X-Ray Computed |
| 700 1# - ADDED ENTRY--PERSONAL NAME | |
| Personal name | Fox, Michael G., |
| 700 1# - ADDED ENTRY--PERSONAL NAME | |
| Personal name | El-Khoury, Georges Y. |
| 942 ## - ADDED ENTRY ELEMENTS (KOHA) | |
| Koha item type | Books |
| Withdrawn status | Lost status | Damaged status | Home library | Current library | Date acquired | Full call number | Barcode | Date last seen | Price effective from | Koha item type |
|---|---|---|---|---|---|---|---|---|---|---|
| UMT Health Sciences Campus | UMT Health Sciences Campus | 2025-06-17 | 611.90222 AND-S | 150054 | 2025-06-17 | 2025-06-17 | Books |
